[Event "Bundesliga 0405"]
[Site "Germany"]
[Date "2005.04.09"]
[Round "14.4"]
[White "Krivoshey, Sergei"]
[Black "Vallejo Pons, Francisco"]
[Result "0-1"]
[WhiteElo "2499"]
[BlackElo "2678"]
[Annotator "Kortschnoj,V"]
[PlyCount "80"]
[EventDate "2004.11.12"]
[EventType "team-tourn"]
[EventRounds "15"]
[EventCountry "GER"]
[SourceTitle "CBM 107"]
[Source "ChessBase"]
[SourceDate "2005.08.01"]
[SourceVersion "1"]
[SourceVersionDate "2005.08.01"]
[SourceQuality "1"]
[WhiteTeam "Hofheim"]
[BlackTeam "Baden Oos"]
[WhiteTeamCountry "GER"]
[BlackTeamCountry "GER"]

1. Nf3 g6 2. d4 Nf6 3. c4 Bg7 4. Nc3 d5 5. cxd5 Nxd5 6. e4 Nxc3 7. bxc3 c5 8.
Rb1 O-O 9. Be2 b6 10. h4 $5 Bg4 11. Ng1 {This is a novelty - playable one time,
I would say. The moves, which had been applied before - 11.Be3 or Kf1 lead to
a position with mutual chances.} Bxe2 {Or 11...Bc8 12.Be3 or Bf3 - white has
an edge.} 12. Nxe2 Qd7 13. Be3 {More logical looks 13.h5 - the bishop
eventually can be developed to h6! Or carefully strengthening the white pawn
structure in the centre -13.f3.} Nc6 14. Qa4 {White overestimates his chances.}
({After} 14. dxc5 Qxd1+ 15. Rxd1 Na5 16. h5 {there was more or less the
equilibrium on the board.}) 14... Rfd8 15. d5 $2 {It is a serious mistake.
From now on black will hold the initiative. After 15.dc! chances would still
be about equal, in regard that 15...Qd3?! would be met by 16.0-0!, or a tricky
15...Bc3 16.Nc3 Qd3 would be refuted by a coldbloody 17.Qc6!} Na5 16. Qxd7 Rxd7
17. Rc1 {An attempt to solve white`s problems with strategical means. I would
certainly prefer here 17.h5.} Nc4 18. Nf4 {The point of the previous move -
pawn c3 is protected, the knight e2 may move.} Nd6 $1 {White pawn structure is
so loose-black finds a new target to attack!} 19. f3 f5 $17 20. exf5 Nxf5 21.
Bd2 ({Or} 21. Bf2 Be5 {and white loses at once his pawn d5.}) 21... Bf6 22. c4
(22. h5 g5 23. Ne6 Rxd5 24. Nxg5 (24. Nc7 Re5+) 24... Rxd2) 22... Bxh4+ 23. Kd1
Bf6 24. Ne6 Rc8 25. a4 {White has lost a pawn but for a while pacified the
position. If not an unlucky location of his king in the centre he could have
chances to save the game. The best move here would be 25.a4 - to force the
black knight to define his location, thus, eventually giving an opportunity to
the white king to improve his position.} a6 26. Re1 b5 27. axb5 axb5 28. g4 $2
{Presumably played in severe time-trouble. Whether it was good or bad, 28.cb
Rd5 29.b6 was the only reasonable continuation.} Nh4 $19 29. g5 Bh8 30. Rf1
bxc4 31. Rxc4 Nf5 32. Kc2 Rxd5 33. Rb1 Re5 34. Nf4 Nd4+ 35. Kd1 Nxf3 36. Bc3
Rxg5 37. Bxh8 Rg1+ 38. Kc2 Rxb1 39. Kxb1 Nd2+ 40. Kc2 Nxc4 0-1

[Event "Balatonbereny GM"]
[Site "Balatonbereny"]
[Date "1996.??.??"]
[Round "4"]
[White "Bacrot, Etienne"]
[Black "Horvath, Jozsef"]
[Result "0-1"]
[WhiteElo "2425"]
[BlackElo "2505"]
[Annotator "Kortschnoj,V"]
[PlyCount "62"]
[EventDate "1996.06.13"]
[EventType "tourn"]
[EventRounds "11"]
[EventCountry "HUN"]
[EventCategory "11"]
[SourceTitle "CBM 055"]
[Source "ChessBase"]
[SourceDate "1996.12.01"]
[SourceVersion "1"]
[SourceVersionDate "1996.12.01"]
[SourceQuality "1"]

1. d4 {Psakhis} Nf6 2. c4 g6 3. Nf3 Bg7 4. Nc3 d5 5. cxd5 Nxd5 6. e4 Nxc3 7.
bxc3 c5 8. Rb1 O-O 9. Be2 b6 10. O-O Bb7 11. Qd3 e6 $5 (11... Ba6 12. Qe3 Bxe2
13. Qxe2 e6 $14) 12. Bg5 (12. dxc5 $6 Qxd3 13. Bxd3 Nd7 $44) (12. Bf4 cxd4 13.
cxd4 Nc6 14. Rfd1 Nxd4 $5 15. Nxd4 e5 16. Be3 exd4 17. Bxd4 Bxd4 18. Qxd4 Qxd4
19. Rxd4 Rfd8 20. Rbd1 Rxd4 21. Rxd4 Kf8 $15 {Gretarsson,H-Dvoirys,S/
Leeuwarden op/1995/0:1/47/}) 12... Qc7 (12... Qd6 $5 13. Qe3 Rc8 14. Rfd1 cxd4
15. cxd4 Nd7 16. h4 Qf8 17. e5 Rc7 {Haba,P-Jansa,V/Turnov(CZE-ch)/1996/}) 13.
Qe3 (13. d5 $5 c4 14. Qxc4 Qxc4 15. Bxc4 Rc8 16. Bb3 exd5 17. exd5 Rxc3 18.
Rbc1 (18. Rfe1 $14) 18... Nd7 $14) 13... Rc8 (13... Nd7 14. e5 $5 Rac8 15. Nd2
cxd4 16. cxd4 Qc3 17. Bb5 Qxe3 18. fxe3 $36 {Yussupow,A-Brinck Claussen,B/
Plovdiv/1983/}) 14. Rfd1 cxd4 15. cxd4 Nd7 16. Bb5 {N/} (16. d5 $5 exd5 17.
exd5 $140 Re8 (17... Qc5 18. d6 {Ivanov,S-Dvoirys,S/Elista(RUS-ch)/1995/0,5/41/
}) 18. d6) 16... Nf6 17. Rbc1 Qb8 18. Rxc8+ (18. Bf4 Rxc1 19. Rxc1 Qf8) 18...
Qxc8 19. Rc1 Qb8 (19... Qd8 20. e5 Nd5 21. Bxd8 Nxe3 22. fxe3 Rxd8 23. Rc7 Bxf3
(23... Rb8 24. Ng5 Bh6 25. h4) 24. gxf3 $16) (19... Qf8 $2 20. Rc7 Qb8 21. Bf4
Bh6 $5 22. Rxb7 (22. Qc1 $5 {Psakhis} Bxf4 23. Qxf4 a6 (23... Bxe4 24. Ng5 $16)
24. Bd3 Bxe4 (24... Ra7 25. Ng5) 25. Bxe4 Ra7 26. Qxf6 Rxc7 27. g3 $16) 22...
Qxf4 (22... Qxb7 {Psakhis} 23. Bxh6 Ng4 24. Qf4 Nxh6 25. Qxh6 Qxe4 26. Ng5 Qe1+
27. Bf1 $18) 23. Qxf4 Bxf4 24. e5 Nd5 25. g3 Bh6 26. a4 $16) 20. Bf4 $6 (20.
Bd3 $5 $14) (20. Nd2 $5) 20... Qf8 21. Rc7 (21. Bc6 Qe7 $14) 21... Bxe4 22. Ng5
Qb4 (22... Nd5 $2 23. Qxe4 (23. Qh3 h6 24. Rxf7 Nxf4 25. Rxf8+ Rxf8 26. Qe3 Bd5
) 23... Nxc7 24. Bxc7 Rc8 25. Be5 $16) 23. Bf1 Bf5 24. Rxf7 (24. Qf3 Nd5 (24...
Rf8 $6 25. Qb7 Qxd4 26. Rxf7 Rxf7 27. Qxf7+ Kh8 28. Qxa7 $16) 25. g4 Bxg4 26.
Qxg4 Nxc7 27. Bxc7 Qxd4 28. Qf3 Rf8 $15) 24... h6 (24... Nd5 $2 25. Be5 $3 Nxe3
26. Rxg7+ Kf8 27. Nxh7+ Ke8 28. Nf6+ Kf8 (28... Kd8 $2 29. Bc7+ Kc8 30. Ba6#)
29. fxe3 $1 Rd8 30. e4 $16) 25. Qf3 (25. Rxg7+ Kxg7 26. Nxe6+ Kf7 (26... Bxe6
27. Qxe6 Re8 28. Bxh6+ $44 (28. Bxh6+ Kxh6 29. Qxf6)) (26... Kh7 27. Qe5 $44)
27. Nc7 (27. Ng7 $5 Kxg7 28. a3 $1 Qb1 29. Qe7+ Kg8 30. Qxf6 Rf8 31. Qe7 $132)
27... Rd8 28. Be5 Ng4 29. Qf3 Nxe5 30. dxe5 Qc5 $15 31. e6+ Kf6 $15) (25. a3 $5
) 25... hxg5 $1 26. Qb7 (26. Rxf6 $1 Rd8 27. Bxg5 (27. Be5 Qe7) 27... Rd5 (
27... Bxf6 28. Bxf6 $44) 28. Qe3 Qxd4 29. Rxe6 Bxe6 30. Qxe6+ Kh7 31. Qh3+ $10)
26... gxf4 $19 27. Rxg7+ Kh8 28. Re7 (28. Rf7 Rf8 $19) 28... Rd8 29. Qxa7 Qxd4
30. h3 g5 31. Rf7 Bg6 0-1

[Event "CRO-ch 6th"]
[Site "Pula"]
[Date "1998.01.17"]
[Round "8"]
[White "Zaja, Ivan"]
[Black "Rogulj, Branko"]
[Result "1-0"]
[WhiteElo "2450"]
[BlackElo "2430"]
[Annotator "Kortschnoj,V"]
[PlyCount "73"]
[EventDate "1998.01.09"]
[EventType "tourn"]
[EventRounds "13"]
[EventCountry "CRO"]
[EventCategory "9"]
[SourceTitle "CBM 064"]
[Source "ChessBase"]
[SourceDate "1998.06.02"]
[SourceVersion "1"]
[SourceVersionDate "1998.06.02"]
[SourceQuality "1"]

1. d4 Nf6 2. c4 g6 3. Nc3 d5 4. cxd5 Nxd5 5. Na4 $5 {Aronian} Bg7 6. e4 Nb6 (
6... Nb4 7. d5 c6 8. Bd2 N4a6 9. Bc3 $14) 7. Be3 Nxa4 $2 (7... e5 $6 8. d5 $14)
(7... Nc6 8. Bb5 O-O 9. Ne2 $14) (7... O-O 8. Nf3 Nxa4 9. Qxa4 c5 10. Rd1 Bd7
$1 $11) 8. Qxa4+ Nd7 9. Nf3 O-O 10. Rd1 Nf6 (10... c5 $6 11. dxc5 Qc7 (11...
Bxb2 $2 12. Bb5 $18) 12. Qa3 $16) 11. Qc2 c6 12. Bc4 $6 (12. Be2 Bg4 (12...
Qa5+ 13. Bd2 Qxa2 $4 14. Bc4 $18) 13. O-O $16) 12... Bg4 13. Rd2 Bxf3 14. gxf3
Qa5 15. h4 e5 $1 (15... Nh5 16. f4 $40) 16. Qc3 $1 Qxc3 17. bxc3 $14 Nh5 18.
Ke2 b6 19. a4 Kh8 20. d5 f5 (20... Rac8 $5) 21. Ra2 cxd5 $2 (21... Rac8 $14)
22. Bxd5 Rac8 23. c4 Nf4+ 24. Bxf4 exf4 25. h5 gxh5 26. Kd3 fxe4+ 27. fxe4 Rc5
28. Rxh5 Re8 29. f3 $1 $16 h6 $6 (29... Be5 30. Rg2 Rcc8 31. Rgg5 Bb8 32. e5
$16) 30. Rh4 a6 (30... Rf8 31. e5 $36) 31. Rxf4 b5 32. axb5 axb5 33. Ra7 $2 (
33. cxb5 Rxb5 34. Rf7 $16) 33... bxc4+ 34. Kc2 Re5 $4 (34... Rb5 $5) (34... Rb8
35. Rg4 (35. Rff7 Rb2+ 36. Kc1 Rg2 $13) 35... Bd4 $8 $13) 35. Ra8+ Kh7 36. Bg8+
Kg6 37. Ra6+ 1-0

[Event "Liechtenstein op"]
[Site "Schellenberg"]
[Date "1989.05.01"]
[Round "4"]
[White "Nemet, Ivan"]
[Black "Kozul, Zdenko"]
[Result "0-1"]
[WhiteElo "2430"]
[BlackElo "2490"]
[Annotator "Kozul,Z"]
[PlyCount "70"]
[EventDate "1989.04.28"]
[EventType "swiss"]
[EventRounds "9"]
[EventCountry "LIE"]
[SourceTitle "EXT 2003"]
[Source "ChessBase"]
[SourceDate "2002.11.25"]
[SourceVersion "1"]
[SourceVersionDate "2002.11.25"]
[SourceQuality "1"]

1. d4 Nf6 2. Nf3 g6 3. c4 Bg7 4. Nc3 d5 5. cxd5 Nxd5 6. e4 Nxc3 7. bxc3 c5 8.
Rb1 O-O 9. Be2 cxd4 10. cxd4 Qa5+ 11. Bd2 (11. Qd2 {RR} Qxd2+ 12. Bxd2 e6 (
12... Rd8 $5 $146 13. Be3 $14 (13. d5 Nd7 14. Bb4 Bf8 15. Nd4 $6 (15. Nd2) (15.
O-O) 15... Nf6 16. f3 e6 $1 $13 {Cebalo,M 2505-Herzog,J, Bern 1989})) 13. O-O (
13. Rc1 Bd7 $5 14. Ne5 Bc6 $1 {Gavrikov,V}) 13... b6 14. Rfc1 Bb7 15. Bb4 Rd8
16. Bb5 Bxe4 17. Be7 Nd7 $5 $146 (17... Bxb1 {- 44/(562)}) 18. Bxd8 Rxd8 19.
Rb4 Bxf3 20. gxf3 Nf8 21. Rc7 $1 (21. Rd1 e5 22. d5 Ne6 $13) 21... a5 22. Rbc4
g5 $1 (22... Rxd4 23. Rxd4 Bxd4 24. f4 $16) (22... Bxd4 23. Be8 $1 $16) 23. Rb7
Bxd4 24. Rcc7 (24. Be8 Rxe8 (24... f5 $2 25. Bf7+ Kh8 26. Rc6 $16) 25. Rxd4 Ng6
26. Rxb6 Rc8 { f4}) 24... f5 25. Bc4 Bc5 26. Rc6 Rd1+ 27. Kg2 Re1 28. h3 $5 {
Cebalo,M} (28. Rc8 g4 29. fxg4 Re4 $1 (29... fxg4 30. Kg3 $16) 30. Bb3 a4 31.
Bd1 Rd4 32. Be2 Rd2 33. Kf1 fxg4 34. Bxg4 Rxf2+ 35. Ke1 Rf6 $14 {Cebalo,M
2505-Lalic,B 2525, Jugoslavija (ch) 1989})) 11... Qxa2 12. O-O Nd7 (12... Bg4
$146 13. Bg5 $1 (13. Rxb7 Bxf3 14. Bxf3 Bxd4 15. e5 Na6 16. Rxe7 Rad8 $132) (
13. d5 $44) 13... Qe6 14. d5 $1 (14. Rxb7 Qxe4 15. Rxe7 Qd5 $17) 14... Qxe4 (
14... Qd7 15. Qb3 b6 16. Qa3 $14) 15. Qd2 $1 a5 (15... f6 $2 16. Be3 a5 17.
Rfc1 $1 Rc8 18. h3 Bd7 19. Rxc8+ Bxc8 20. Bd3 Qa4 (20... Qxd5 21. Rc1 Qd7 22.
Bc4+ Kh8 23. Be6 $1 Qxe6 24. Qd8+ Qg8 25. Rxc8 $18) 21. Bc5 Qd7 22. Qe2 Bf8 23.
Bc4 Kh8 24. Rb6 Na6 25. Bd4 Nc7 26. Ne5 $1 fxe5 {Sakaev,K-Bukhman,E 2430, USSR
1989} 27. Qxe5+ Kg8 28. d6+ e6 29. dxc7 $18) 16. Rxb7 f6 17. Be3 $44 {Sakaev,K;
Lukin,A}) 13. Ra1 $146 (13. Bb4 {RR} Nb6 14. Bb5 (14. Bxe7 $146 Re8 15. Ra1 Qe6
16. Bc5 Qxe4 17. Ne5 Bxe5 18. Bf3 Bxh2+ 19. Kxh2 Qf4+ 20. Kg1 Nd7 21. Bxa7 Nf6
22. Qc1 Qf5 23. Re1 Rxe1+ 24. Qxe1 Qf4 25. d5 $44 {Vaiser,A 2525-Kozul,Z 2490,
Ptuj 1989}) (14. Qd3 Be6 $1 $146 (14... Re8 {- 46/617}) 15. Ra1 (15. d5 $4 Nxd5
$1 16. exd5 Bf5 $19 {Tukmakov,V 2590-Gavrikov,V 2535, Moskva (GMA) 1989}) 15...
Qb3 $5 (15... Qc4 16. Bxe7 Qxd3 17. Bxd3 Rfe8 18. Bc5 Bc4 19. Bxc4 Nxc4 20.
Rfc1 b6 $1 21. Rxc4 (21. Bb4 $2 b5 $17) 21... bxc5 22. dxc5 Rxe4 $11)) 14...
Bd7 15. Bxd7 Nxd7 16. Bxe7 Rfe8 $11 {Gavrikov,V}) 13... Qe6 (13... Qb2 $11) 14.
Qb1 Qb6 $5 15. Qd3 Qd8 16. Rfc1 b6 17. Bb4 Nf6 $1 (17... Bb7 18. e5 $1 {
 e6, g5}) 18. Ne5 $1 Bb7 $8 19. Nc6 (19. f3 a5 $1 20. Bc3 (20. Ba3 b5 $17)
20... Nd7 21. Nxd7 Qxd7 $15) 19... Bxc6 20. Rxc6 a5 21. Bd2 (21. Bc3 b5 $17) (
21. Ba3 $5 b5 22. e5 Nd5 23. Qxb5 Nf4 24. Bc5 Ne6 $1 25. Qc4 (25. Bb6 $2 Nxd4)
(25. Rd1 Nxc5 26. dxc5 Qb8) 25... Nxc5 $11) 21... Rc8 22. Rac1 Rxc6 23. Rxc6
Qa8 $1 24. d5 $8 Nd7 $15 25. Qa3 Bd4 $1 26. Bh6 $5 (26. Qxe7 Nc5 $5 { e8} (
26... a4 $1 27. Qa3 (27. Qxd7 $2 a3 28. Bc4 a2 29. Bxa2 Qxa2 30. Be3 (30. Be1
Qb1 31. Kf1 Qd3+ 32. Kg1 Qxe4 33. Rc1 Re8 $17) 30... Qe2 31. h3 $8 Bxe3 32.
fxe3 Qxe3+ 33. Kh1 Qxe4 $17)) 27. Bb5 a4 $1) 26... Re8 27. Bb5 $2 (27. Qa4 $1
Bf6 28. Be3 Rc8 $15) 27... Nc5 $17 28. Rc7 Qd8 $1 29. Ra7 Qb8 30. Bxe8 Qxa7 31.
Qh3 $2 (31. Qf3 e6 $5 (31... Bf6 32. e5 Qb8 33. exf6 Qxe8 34. fxe7 Qxe7 $17))
31... Qb8 $19 32. Bc6 Nxe4 33. d6 Nxd6 34. Qd7 Nf5 35. Bd2 Qe5 0-1

[Event "FIDE-Wch k.o."]
[Site "Tripoli"]
[Date "2004.06.20"]
[Round "1.2"]
[White "Xu, Jun"]
[Black "Harikrishna, Pentala"]
[Result "1-0"]
[WhiteElo "2608"]
[BlackElo "2599"]
[Annotator "Krasenkow,M"]
[PlyCount "57"]
[EventDate "2004.06.19"]
[EventType "k.o."]
[EventRounds "7"]
[EventCountry "LBY"]
[SourceTitle "CBM 102"]
[Source "ChessBase"]
[SourceDate "2004.09.23"]
[SourceVersion "1"]
[SourceVersionDate "2004.09.23"]
[SourceQuality "1"]

1. d4 Nf6 2. c4 g6 3. Nc3 d5 4. cxd5 Nxd5 5. e4 Nxc3 6. bxc3 Bg7 7. Nf3 c5 8.
Rb1 O-O 9. Be2 b6 10. O-O Bb7 11. Qd3 Ba6 12. Qe3 Qd7 13. h4 {A new move;
however, White doesn't make use of it later on.} Bxe2 14. Qxe2 Nc6 15. dxc5
bxc5 16. Qc4 {Comparing to one of the "theoretical" lines, the white pawn is
on h4(instead of h2) and the black knight on c6 (instead of b8). This should
rather favor Black.} Nd8 $2 {[%mdl 16384] But this anti-development is
certainly out of place.} (16... Rac8 {was normal, e.g.} 17. Be3 Qg4 18. Bxc5
Rfd8 {and White can't keep his extra pawn.}) 17. Be3 Qe6 (17... Ne6 18. h5 $5
$36) 18. Qd5 $1 Rc8 (18... Qxd5 19. exd5 {[%csl Rd8,Re7]}) 19. Rb5 $1 {Winning
a pawn while the poor black knight is still on d8!} Qa6 (19... Qg4 20. Rxc5 Ne6
21. Rxc8 Rxc8 22. Qd7 $16) 20. Rxc5 Rxc5 (20... Ne6 21. Ra5) (20... e6 $5) 21.
Bxc5 Ne6 (21... Nc6 22. Nd4 Rc8 23. Nxc6 Qxc6 24. Bxe7 $16) 22. Bxe7 Rc8 23.
Nd4 $4 {[%mdl 8192] An unexpected blunder, which Black doesn't use!} (23. e5
Rxc3 24. Rb1 $16 {keeping a healthy extra pawn.}) 23... Nf4 $4 (23... Bxd4 24.
cxd4 Nf4 $1 $19 {[%cal Ra6f1]}) 24. Qd7 $4 {Unbelievable! Both Grandmasters
miss the same motif once again!} (24. Qd6 $16) 24... h6 $4 (24... Bxd4 25. cxd4
Qxf1+ 26. Kxf1 Rc1# {mate}) 25. Bd6 $18 {Now everything is clear. White, two
pawns up, easily overcomes the remaining technical difficulties.} Nd3 (25...
Bxd4 26. Bxf4) 26. h5 Ne5 27. Bxe5 Bxe5 28. hxg6 fxg6 29. Qd5+ {A strange game!
} 1-0

[Event "Corus"]
[Site "Wijk aan Zee"]
[Date "2002.01.24"]
[Round "10"]
[White "Gurevich, Mikhail"]
[Black "Kasimdzhanov, Rustam"]
[Result "1-0"]
[WhiteElo "2641"]
[BlackElo "2695"]
[Annotator "Krasenkow,M"]
[PlyCount "81"]
[EventDate "2002.01.12"]
[EventType "tourn"]
[EventRounds "13"]
[EventCountry "NED"]
[EventCategory "18"]
[SourceTitle "CBM 087"]
[Source "ChessBase"]
[SourceDate "2002.03.21"]
[SourceVersion "1"]
[SourceVersionDate "2002.03.21"]
[SourceQuality "1"]

1. d4 Nf6 2. c4 g6 3. Nc3 d5 4. cxd5 Nxd5 5. e4 Nxc3 6. bxc3 Bg7 7. Ba3 {
This move is starting to gain some popularity (see several games in the
previous issue). Does White lack any ideas how to fight against the Gruenfeld
Defense?} Nd7 8. Nf3 c5 9. Qb3 O-O 10. Bd3 (10. Be2 $142 {played by GM Ioannis
Papaioannou against me - see CBM86.}) 10... cxd4 $6 {This is exactly the move
White would like to force! As we already mentioned in CBM86, the best plan for
Black after Bf1-d3 is ...Ra8-b8 and ...b7-b5. Here is another example:} (10...
Rb8 11. O-O b5 12. Be2 {alas!} Bb7 13. Qc2 b4 14. cxb4 cxd4 15. Rad1 Rc8 16.
Qb3 $2 (16. Qb1 $15) 16... Rc3 17. Qa4 Nb6 18. Qxa7 $2 Qc7 19. Ba6 Bxa6 20.
Qxa6 Ra8 $19 {0-1 Gomez,F-Herrera,I/Santa Clara 2001/EXT 2002 (27)}) 11. cxd4
Nb6 {The knight has nothing to do here.} 12. Rd1 Bd7 (12... Bg4 13. Be2 Bd7 14.
Rc1 $6 (14. Qb4) 14... Bh6 15. Rc3 Na4 16. Rc2 Nb6 17. Rc3 Na4 18. Rc2 {
1/2-1/2 Hedman,E-Dzevlan,M/Stockholm 1999/CBM 70 ext (18).}) 13. Qb4 (13. Bb5
$5 {is interesting but White didn't like to weaken the c4 square after the
bishop exchange.}) 13... e6 14. O-O Bc6 15. Qd2 (15. Ne5 $5) 15... Re8 16. Qf4
{White is clearly better after the opening. Black's position is very passive.}
Rc8 (16... f5 {trying to regain the d5 square} 17. d5 $5 Ba4 18. dxe6 Bxd1 19.
Rxd1 fxe4 20. Qxe4 {with a strong initiative for the sacrificed exchange.}) 17.
Bd6 ({Once again} 17. Ne5 $5 {deserved serious attention.} Ba4 18. Qxf7+ Kh8
19. Rd2 Qxd4 {didn't work in view of} 20. Bb2 $1) 17... Nd7 18. h4 h6 19. d5 $5
{White closes the game but maintains initiative.} (19. Ne5 $5 Nf6 20. Nxc6 Rxc6
21. Be5 $14 {was possible, too}) 19... e5 ({Of course,after} 19... exd5 20. e5
{[%csl Gd4][%cal Yh4h5] White has excellent prospects.}) 20. Qe3 Ba4 21. Rb1
Nf6 $6 {Black gives up a pawn creating a kind of blockade. After that, however,
he is doomed to passive defense. Still, after} (21... Qf6 $5 22. Bb4 b6 23.
Rfc1 {[%cal Yd3a6] White is clearly better, too. It is important that} Bf8 $6
24. Bxf8 Rxf8 25. Qxh6 Nc5 {is not good in view of} 26. Ng5 Qg7 27. Qxg7+ Kxg7
28. Bc4 {and White keeps an extra pawn.}) 22. Qxa7 Qxd6 23. Qxa4 Nd7 24. Bb5
Nc5 25. Qb4 Red8 26. Rfe1 Qf6 27. Qa3 (27. a4 $5) 27... Bf8 28. Qe3 Kg7 29. g3
Ra8 30. Re2 Ra7 31. Kg2 (31. Rc2 Rda8 32. a4 Nxa4 33. Bxa4 Rxa4 34. Rxb7 $16
Ra3 $140 35. Rc3 Rxc3 36. Qxc3 Ra3 37. Rb3 {was possible, too.}) 31... Rda8 32.
Bc4 (32. a4 Nxa4 33. Bxa4 Rxa4 34. Reb2 $1 {was good enough to maintain the
better prospects} ({but not} 34. Rxb7 $2 Ra3 35. Rb3 Rxb3 36. Qxb3 Ra3 $19)) {
However, White didn't want to swap the queenside pawns as he wasn't sure
whether the remaining material would be sufficient for him to win. As for the
activity of Black's pieces, White considered it temporary.} 32... Ra3 33. Bb3
R8a4 34. Nd2 Rd4 35. Qf3 Qd8 36. Rb2 Bd6 37. Rc2 b5 38. Re3 h5 39. Qe2 Qa5 $4 {
A terrible blunder leading to a loss of an exchange.} (39... Qb6 {was correct,
after which White could play} 40. Rec3 {followed by f2-f4. Black has no
sufficient compensation for the pawn.}) 40. Nb1 Nxb3 41. Nxa3 1-0